• 首页
  • 本馆介绍
  • 公告通知
  • 最新文献
  • 馆藏检索
  • 电子资源
  • 读者导购
  • 参考咨询
  • 我的图书馆
  • 登录
  • 详细信息显示
  • 放入我的书架
  • 预约/预借图书
  • 作者相关作品
  • 分类相关作品
  • 丛书相关作品
  • 出版社相关作品

书目信息

  • 表格格式
  • 工作单格式
  • 卡片格式
书名: Modern foundations of quantum optics =
作者: Vlatko Vedral
分册号:
分册名:
出版地: Shanghai :
 
出版社: Fudan University Press
出版时间: 2006.
页数: xiii, 222 p. :
开本: 23 cm.
丛书名: 研究生前沿教材书系
中图分类号:
科图分类号:
其他分类号: O431.2
主题词:
电子资源:
000 01132nam 2200325 a 4500
001 E0737230518
004 001408319
004 001408319
005 20070702102228.03
008 001 0 eng
008 4001uueng0000000
008 4001uueng0000000
020    @a7309052056 :@cCNY25.00.
040    @aCcBjTSG @bchi
041    @aeng@bchi
090    @aO431.2
099    @dO431.2@ex4
100 1  @aVedral, Vlatko.
245 10 @aModern foundations of quantum optics = :@b现代量子光学基础 / @cVlatko Vedral
246 31 @a现代量子光学基础
250    @a影印版.
260    @aShanghai :@bFudan University Press,@c2006.
300    @axiii, 222 p. :@bill. ;@c23 cm.
440  0 @a研究生前沿教材书系
504    @aIncludes bibliographical references (p. 217-218) and index.
534    @pReprint. Originally published: @cLondon : Imperial College Press, c2005. @z1860945538.
650  0 @aQuantum optics. @b01 @c20070516 @lNLC09 @h1529 @b40 @c20070521 @lNLC09 @h1547 @b40 @c20070531 @lNLC09 @h1624
700    @aVedral,Vlatko
852 91 @bWWDY @k2-2007 @hO431.2 @iV416
852 91 @bWWJC @cJ09 @k2-2007 @hO431.2 @iV416
    
    Modern foundations of quantum optics = : : 现代量子光学基础 / / Vlatko Vedral.-影印版.-Shanghai : : Fudan University Press, , 2006.
    xiii, 222 p. : : ill. ; ; 23 cm.- (研究生前沿教材书系 )
    Includes bibliographical references (p. 217-218) and index.
    
    ISBN 7309052056 :CNY25.00.
    
●
相关链接 在E读中查询图书 在五车中查询图书 在当当中查询图书 在豆瓣中查询图书


正题名:Modern foundations of quantum optics =     索取号:O431.2/x4         预约/预借

序号 登录号 条形码 馆藏地/架位号 状态 备注
1 12140   300121400   第二样本阅览室/ [索取号:O431.2/x4] 在馆    
2 12141   300121419   第四借阅区/ [索取号:O431.2/x4] 在馆    
3 12142   300121428   第四借阅区/ [索取号:O431.2/x4] 在馆    
唐山师范学院图书馆 欢迎您!
大连网信软件有限公司© 版权所有